Statistics for Geometry Dash Top 15 Demons

Click here to take the quiz!

General Stats

  • This quiz has been taken 9 times
  • The average score is 10 of 15

Answer Stats

PublisherDemon% Correct
BoBoBoBoBoBoBoThe Golden
89%
xanderZodiac
89%
knobbelboyBloodlust
78%
npestaKenos
78%
DolphyTartarus
78%
WalrooseCalculator Core
67%
paraCold Sweat
67%
TrueOmegaCrimson Planet
67%
AtomicThinking Space
67%
EndlevelCognition
56%
nikroplaysRenevant
56%
Metalface221Arctic Lights
44%
EndlevelDeimos
44%
CairoXLucid Nightmares
44%
knobbelboyRagnarok
44%

Score Distribution

Percentile by Number Answered

Percent of People with Each Score

Your Score History

You have not taken this quiz